[Event "Biel ATO op 54th"]
[Site "Biel"]
[Date "2021.07.27"]
[Round "2"]
[White "Arulanantham, Aneet"]
[Black "Bischoff, Peter"]
[Result "1-0"]
[WhiteElo "1745"]
[BlackElo "1971"]
[PlyCount "101"]
[EventDate "2021.07.26"]
[EventType "swiss"]
[EventRounds "9"]
[EventCountry "SUI"]
[SourceTitle "EXT 2022"]
[Source "ChessBase"]
[SourceDate "2021.10.06"]
[SourceVersion "1"]
[SourceVersionDate "2021.10.06"]
[SourceQuality "1"]

1. d4 Nf6 2. c4 g6 3. Nc3 Bg7 4. e4 d6 5. Nf3 0-0 6. Be2 e5 7. Be3 Ng4 8. Bg5 f6 9. Bc1 Nc6 10. 0-0 Nh6 11. dxe5 fxe5 12. Bg5 Qd7 13. Rb1 Nf7 14. Be3 Ne7 15. b4 Bh6 16. Qd2 Bxe3 17. Qxe3 h6 18. c5 g5 19. Bc4 Kg7 20. cxd6 cxd6 21. Rfd1 Qc7 22. Bxf7 Rxf7 23. Nb5 Qb6 24. Qxb6 axb6 25. Nxd6 Rf4 26. Rb2 Bg4 27. Rd3 Nc6 28. Ne1 Be6 29. a3 Nd4 30. Nc2 Ne2+ 31. Kf1 Raf8 32. f3 Nc1 33. Rc3 Rd8 34. Rc7+ Kg8 35. Ne3 Nd3 36. Rd2 Rxd6 37. Rc3 Bd7 38. Nc4 Rd4 39. Rcxd3 Rxd3 40. Rxd3 Bb5 41. Rc3 g4 42. Kf2 gxf3 43. gxf3 Rh4 44. Kg3 Rf4 45. Nxe5 Rf6 46. Rc8+ Rf8 47. Rxf8+ Kxf8 48. f4 Kg7 49. f5 Kf6 50. Kf4 h5 51. h4 1-0

[Event "SUI-ch HT 119th"]
[Site "Leukerbad"]
[Date "2019.07.16"]
[Round "6"]
[White "Bischoff, Peter"]
[Black "Bounlom, Jannik"]
[Result "0-1"]
[WhiteElo "1972"]
[BlackElo "1971"]
[PlyCount "80"]
[EventDate "2019.07.11"]
[EventType "swiss"]
[EventRounds "9"]
[EventCountry "SUI"]
[SourceTitle "EXT 2020"]
[Source "ChessBase"]
[SourceDate "2019.10.17"]
[SourceVersion "1"]
[SourceVersionDate "2019.10.17"]
[SourceQuality "1"]

1. e4 c5 2. Be2 g6 3. f4 Bg7 4. Nf3 e6 5. 0-0 Ne7 6. c3 Nbc6 7. d3 0-0 8. Be3 b6 9. Na3 d5 10. e5 d4 11. Bf2 dxc3 12. bxc3 Nd5 13. Qd2 Ba6 14. Rad1 Qc7 15. Ng5 Rad8 16. Bh4 Rd7 17. c4 Nde7 18. Ne4 Nf5 19. Nf6+ Bxf6 20. Bxf6 Ncd4 21. Nb5 Bxb5 22. cxb5 Nxb5 23. Bg4 Ng7 24. f5 Nd4 25. Bxg7 Kxg7 26. f6+ Kh8 27. Rfe1 Qd8 28. Re3 Rg8 29. Rh3 Qf8 30. Re1 Nf5 31. Re4 g5 32. Qe2 Nh6 33. Ree3 Nxg4 34. Qxg4 Rg6 35. Rh5 h6 36. Reh3 Rd4 37. Qf3 g4 38. Rxh6+ Rxh6 39. Rxh6+ Qxh6 40. Qa8+ Kh7 0-1

[Event "Zuoz Engiadina op 25th"]
[Site "Zuoz"]
[Date "2018.10.06"]
[Round "1"]
[White "Hoecker, Horst"]
[Black "Bischoff, Peter"]
[Result "0-1"]
[WhiteElo "1587"]
[BlackElo "2012"]
[PlyCount "48"]
[EventDate "2018.10.06"]
[EventType "swiss"]
[EventRounds "7"]
[EventCountry "SUI"]
[SourceTitle "CBM 186 Extra"]
[Source "ChessBase"]
[SourceDate "2018.08.24"]
[SourceVersion "1"]
[SourceVersionDate "2018.08.24"]
[SourceQuality "1"]

1. c4 e5 2. Nc3 Nf6 3. g3 d5 4. cxd5 Nxd5 5. Bg2 Nb6 6. Nf3 Nc6 7. 0-0 Be7 8. b3 0-0 9. Bb2 Be6 10. h3 Qd7 11. Kh2 f5 12. d3 Bf6 13. Qc1 h6 14. Ba3 Rf7 15. Qc2 Rd8 16. Rad1 Be7 17. Bc1 Nd5 18. Nxd5 Bxd5 19. e4 Be6 20. exf5 Bxf5 21. Bb2 Bxd3 22. Qd2 Qf5 23. Nh4 Bxh4 24. gxh4 Bxf1 0-1

[Event "SUI-ch Seniors 118th"]
[Site "Lenzerheide"]
[Date "2018.07.20"]
[Round "7"]
[White "Bischoff, Peter"]
[Black "Filipovic, Branko"]
[Result "0-1"]
[WhiteElo "2053"]
[BlackElo "2378"]
[PlyCount "122"]
[EventDate "2018.07.14"]
[EventType "tourn"]
[EventRounds "7"]
[EventCountry "SUI"]
[SourceTitle "EXT 2019"]
[Source "ChessBase"]
[SourceDate "2018.10.10"]
[SourceVersion "1"]
[SourceVersionDate "2018.10.10"]
[SourceQuality "1"]

1. e4 e6 2. d3 c5 3. Nf3 Nc6 4. g3 g6 5. Bg2 Bg7 6. 0-0 Nge7 7. Re1 d6 8. c3 e5 9. Nbd2 0-0 10. Nf1 h6 11. h4 Be6 12. N3h2 d5 13. f4 d4 14. c4 Kh7 15. Ng4 Qd7 16. Nfh2 exf4 17. Bxf4 h5 18. Nf2 Ne5 19. Qd2 N7c6 20. a3 a5 21. b3 Rfb8 22. Qe2 Re8 23. Qf1 f6 24. Rad1 a4 25. bxa4 Rxa4 26. Bc1 Bh6 27. Bxh6 Kxh6 28. Nh3 Bxh3 29. Bxh3 Qd6 30. Qf4+ Kg7 31. g4 Nxc4 32. e5 Rxe5 33. Qf3 Ne3 34. Rb1 hxg4 35. Bxg4 Nd8 36. Nf1 Qd5 37. Qxd5 Nxd5 38. Bf3 Nc3 39. Rxe5 fxe5 40. Re1 Nf7 41. Bxb7 Rxa3 42. Ng3 Ra2 43. Bc8 c4 44. Be6 cxd3 45. Bxa2 d2 46. Rf1 d1Q 47. Rxd1 Nxd1 48. Ne4 Nc3 49. Nxc3 dxc3 50. Bb1 Nd6 51. Kf2 Nb5 52. Ke1 Kf6 53. Kd1 Nd4 54. Be4 Nf5 55. Kc2 Nxh4 56. Kxc3 Kg5 57. Kd3 Kf4 58. Bc6 Nf5 59. Be8 g5 60. Ke2 g4 61. Bc6 Nd4+ 0-1

[Event "Zuoz Engiadina op 23rd"]
[Site "Zuoz"]
[Date "2016.10.06"]
[Round "5"]
[White "Simon, Ralf Axel"]
[Black "Bischoff, Peter"]
[Result "1/2-1/2"]
[WhiteElo "2151"]
[BlackElo "2005"]
[PlyCount "67"]
[EventDate "2016.10.01"]
[EventType "swiss"]
[EventRounds "7"]
[EventCountry "SUI"]
[SourceTitle "EXT 2017"]
[Source "ChessBase"]
[SourceDate "2016.10.25"]
[SourceVersion "1"]
[SourceVersionDate "2016.10.25"]
[SourceQuality "1"]

1. Nf3 c5 2. e4 Nc6 3. Bb5 a6 4. Bxc6 bxc6 5. 0-0 g6 6. d4 Bg7 7. dxc5 Qa5 8. Nc3 Qxc5 9. Be3 Qa5 10. Bd4 e5 11. b4 Qc7 12. Bc5 Bf8 13. Bxf8 Kxf8 14. Qd3 Nf6 15. Rfd1 Kg7 16. Qd6 Qxd6 17. Rxd6 Ne8 18. Rd2 d6 19. a4 Rb8 20. Rb1 f5 21. Ne1 fxe4 22. Nxe4 d5 23. Nc5 Nd6 24. Re2 Re8 25. Ned3 e4 26. Nf4 g5 27. Nh5+ Kg6 28. Ng3 Nc4 29. Ree1 Na3 30. Rb2 Nc4 31. Rbb1 Na3 32. Rb2 Nc4 33. Rbb1 Na3 34. Rb3 1/2-1/2

[Event "Bad Ragaz op 11th"]
[Site "Bad Ragaz"]
[Date "2016.03.25"]
[Round "2"]
[White "Bischoff, Peter"]
[Black "Maiorov, Nikita"]
[Result "0-1"]
[WhiteElo "1994"]
[BlackElo "2558"]
[PlyCount "58"]
[EventDate "2016.03.24"]
[EventType "swiss"]
[EventRounds "7"]
[EventCountry "SUI"]
[SourceTitle "EXT 2018"]
[Source "ChessBase"]
[SourceDate "2017.10.13"]
[SourceVersion "1"]
[SourceVersionDate "2017.10.13"]
[SourceQuality "1"]

1. e4 e5 2. Nf3 Nc6 3. Nc3 Bc5 4. Nxe5 Nxe5 5. d4 Bd6 6. dxe5 Bxe5 7. Bc4 Bxc3+ 8. bxc3 d6 9. 0-0 Ne7 10. Rb1 0-0 11. f4 Nc6 12. Qf3 Kh8 13. Ba3 Be6 14. Bd3 Rb8 15. c4 f6 16. Qh5 b6 17. Rf3 Qe8 18. Qh4 Nd4 19. Rg3 c5 20. Re1 Bg8 21. Bc1 Nf5 22. Qg4 Nxg3 23. hxg3 b5 24. e5 bxc4 25. Bf5 fxe5 26. fxe5 Qf7 27. Rf1 dxe5 28. Be3 g6 29. Bd3 Qe6 0-1

[Event "SUI-ch Seniors"]
[Site "Bern"]
[Date "2014.10.04"]
[Round "7"]
[White "Huss, Benjamin"]
[Black "Bischoff, Peter"]
[Result "1/2-1/2"]
[WhiteElo "2110"]
[BlackElo "2071"]
[PlyCount "21"]
[EventDate "2014.09.28"]
[EventType "tourn"]
[EventRounds "7"]
[EventCountry "SUI"]
[SourceTitle "EXT 2016"]
[Source "ChessBase"]
[SourceDate "2015.10.08"]
[SourceVersion "1"]
[SourceVersionDate "2015.10.08"]
[SourceQuality "1"]

1. e4 c5 2. Nf3 Nc6 3. d3 e5 4. Nc3 Nf6 5. g3 d5 6. Bg5 dxe4 7. Nxe4 Be7 8. Bxf6 gxf6 9. Bg2 f5 10. Ned2 Be6 11. Qe2 1/2-1/2

[Event "SUI-ch Seniors"]
[Site "Bern"]
[Date "2014.10.03"]
[Round "6"]
[White "Bischoff, Peter"]
[Black "Gosch, Manfred"]
[Result "0-1"]
[WhiteElo "2071"]
[BlackElo "2051"]
[PlyCount "88"]
[EventDate "2014.09.28"]
[EventType "tourn"]
[EventRounds "7"]
[EventCountry "SUI"]
[SourceTitle "EXT 2016"]
[Source "ChessBase"]
[SourceDate "2015.10.08"]
[SourceVersion "1"]
[SourceVersionDate "2015.10.08"]
[SourceQuality "1"]

1. e4 e6 2. d3 c5 3. Nf3 Nc6 4. g3 d6 5. Bg2 g6 6. 0-0 Bg7 7. c3 Nge7 8. Be3 Bd7 9. d4 cxd4 10. cxd4 d5 11. e5 h6 12. Nc3 a6 13. h4 Nf5 14. Qd2 Rc8 15. Rac1 b5 16. Nh2 h5 17. Nf3 0-0 18. Bh3 Nxe3 19. fxe3 Bh6 20. Ne2 Qa5 21. Nf4 Qxd2 22. Nxd2 Bxf4 23. gxf4 Nb4 24. Nb3 Nd3 25. Rc3 Rxc3 26. bxc3 Rc8 27. Rd1 Rxc3 28. Bf1 Nb2 29. Rc1 Rxc1 30. Nxc1 Nd1 31. Bd3 Nxe3 32. Nb3 Kf8 33. Nc5 Bc8 34. a4 bxa4 35. Nxa4 Bd7 36. Nc3 Bb5 37. Nxb5 axb5 38. Bxb5 Nf5 39. Bd3 Nxd4 40. Kg2 Ke7 41. Ba6 Kd7 42. Bd3 Kc6 43. Kh3 Kc5 44. Ba6 Nf5 0-1

[Event "SUI-ch Seniors"]
[Site "Bern"]
[Date "2014.09.30"]
[Round "3"]
[White "Eidinger, Helmut"]
[Black "Bischoff, Peter"]
[Result "1/2-1/2"]
[WhiteElo "2038"]
[BlackElo "2071"]
[PlyCount "103"]
[EventDate "2014.09.28"]
[EventType "tourn"]
[EventRounds "7"]
[EventCountry "SUI"]
[SourceTitle "EXT 2016"]
[Source "ChessBase"]
[SourceDate "2015.10.08"]
[SourceVersion "1"]
[SourceVersionDate "2015.10.08"]
[SourceQuality "1"]

1. e4 c5 2. Nf3 Nc6 3. c3 e5 4. d4 cxd4 5. cxd4 exd4 6. Nxd4 Bb4+ 7. Nc3 Nf6 8. Nxc6 bxc6 9. Bd3 0-0 10. 0-0 Re8 11. Bg5 h6 12. Bh4 g5 13. Bg3 Bxc3 14. bxc3 Nxe4 15. Qh5 Kg7 16. Rae1 d5 17. Bxe4 dxe4 18. Rd1 Qf6 19. f4 Qg6 20. Qxg6+ fxg6 21. fxg5 hxg5 22. Rd6 Bf5 23. Rxc6 e3 24. Rc7+ Kg8 25. Re1 a5 26. Bd6 Rab8 27. Re7 Rxe7 28. Bxe7 Rb1 29. Rxb1 Bxb1 30. a3 g4 31. Bg5 e2 32. Bd2 a4 33. Kf2 Bd3 34. Ke3 Ba6 35. Kd4 Kf7 36. Kc5 Bc8 37. Kd6 Ba6 38. Kc5 Bc8 39. c4 Ke6 40. Kd4 Ba6 41. g3 Bb7 42. Be1 Kf5 43. Bf2 Ba6 44. Kd5 Bb7+ 45. Kd4 Ba6 46. Be1 Bb7 47. Bc3 Ba6 48. Kd3 Ke6 49. Kxe2 Bxc4+ 50. Ke3 Kf5 51. Kd4 Bb3 52. Kc5 1/2-1/2

[Event "SUI-ch Seniors"]
[Site "Bern"]
[Date "2014.09.28"]
[Round "1"]
[White "Bischoff, Peter"]
[Black "Hohler, Peter"]
[Result "1/2-1/2"]
[WhiteElo "2071"]
[BlackElo "2171"]
[PlyCount "89"]
[EventDate "2014.09.28"]
[EventType "tourn"]
[EventRounds "7"]
[EventCountry "SUI"]
[SourceTitle "EXT 2016"]
[Source "ChessBase"]
[SourceDate "2015.10.08"]
[SourceVersion "1"]
[SourceVersionDate "2015.10.08"]
[SourceQuality "1"]

1. e4 e5 2. Nf3 Nc6 3. Nc3 Nf6 4. d4 exd4 5. Nxd4 Bb4 6. Nxc6 bxc6 7. Bd3 d5 8. exd5 cxd5 9. 0-0 0-0 10. Bg5 Bxc3 11. bxc3 h6 12. Bh4 Rb8 13. Re1 Rb6 14. f4 c5 15. Re5 Qc7 16. Qd2 Bb7 17. Rae1 c4 18. Bf5 Ne4 19. Qd4 Rb2 20. Qxa7 Qc6 21. Qd4 Rxc2 22. R5xe4 dxe4 23. Bxe4 Qa4 24. Bxb7 Qxa2 25. Bd5 Qb2 26. Qxc4 Qxc3 27. Qxc3 Rxc3 28. Kf2 Rc2+ 29. Kf3 Rc3+ 30. Kg4 Kh7 31. f5 Rd3 32. Be4 Rd4 33. f6+ g6 34. Kf3 Rb8 35. Bf2 Rd6 36. Bh4 Rb3+ 37. Kf2 Rb2+ 38. Kf3 Rb3+ 39. Kf2 Rb2+ 40. Kg1 Re6 41. Bd5 Rxe1+ 42. Bxe1 Kg8 43. Kf1 Rc2 44. Bb4 Rb2 45. Be7 1/2-1/2

[Event "Liechtenstein Seniors op"]
[Site "Triesen"]
[Date "2014.05.31"]
[Round "9"]
[White "Bischoff, Peter"]
[Black "Jackson, Oliver A"]
[Result "0-1"]
[WhiteElo "2067"]
[BlackElo "2114"]
[PlyCount "56"]
[EventDate "2014.05.23"]
[EventType "swiss"]
[EventRounds "9"]
[EventCountry "LIE"]
[SourceTitle "CBM 160 Extra"]
[Source "ChessBase"]
[SourceDate "2014.07.01"]
[SourceVersion "1"]
[SourceVersionDate "2014.07.01"]
[SourceQuality "1"]

1. e4 c5 2. c3 Nf6 3. e5 Nd5 4. d4 cxd4 5. Qxd4 e6 6. Nf3 Nc6 7. Qe4 f5 8. Qe2 Qc7 9. g3 b6 10. Nbd2 a5 11. a3 Ba6 12. c4 a4 13. Qd1 Nde7 14. Qxa4 g5 15. Bg2 g4 16. Nh4 Qxe5+ 17. Kf1 b5 18. Qd1 bxc4 19. Kg1 d5 20. h3 h5 21. Nf1 Bg7 22. Rb1 Kf7 23. Be3 d4 24. f4 Qb5 25. Bf2 Rab8 26. Nd2 d3 27. Bxc6 Qxc6 28. Kh2 Bxb2 0-1

[Event "Liechtenstein Seniors op"]
[Site "Triesen"]
[Date "2014.05.27"]
[Round "5"]
[White "Bischoff, Peter"]
[Black "Kunz, Konstantin"]
[Result "0-1"]
[WhiteElo "2067"]
[BlackElo "2198"]
[PlyCount "80"]
[EventDate "2014.05.23"]
[EventType "swiss"]
[EventRounds "9"]
[EventCountry "LIE"]
[SourceTitle "CBM 160 Extra"]
[Source "ChessBase"]
[SourceDate "2014.07.01"]
[SourceVersion "1"]
[SourceVersionDate "2014.07.01"]
[SourceQuality "1"]

1. e4 c5 2. c3 Nf6 3. e5 Nd5 4. d4 cxd4 5. Qxd4 e6 6. Nf3 Nc6 7. Qe4 f5 8. Qe2 Qc7 9. g3 b6 10. Bg2 Bb7 11. 0-0 a6 12. c4 Nde7 13. Nc3 Ng6 14. Re1 Bc5 15. Be3 Ngxe5 16. Bxc5 Nxf3+ 17. Qxf3 bxc5 18. Nd5 Qa5 19. Qh5+ g6 20. Qg5 Qd8 21. Qf4 Kf7 22. Nc3 Qb8 23. Qf3 Ra7 24. Ne4 Nd4 25. Ng5+ Kf6 26. Qc3 Bxg2 27. Kxg2 h6 28. Nh3 g5 29. b4 e5 30. f4 gxf4 31. gxf4 d6 32. Kf2 e4 33. Rab1 Rb7 34. Qg3 Nf3 35. Rg1 Qe8 36. Ke3 Qf7 37. bxc5 Rxb1 38. Rxb1 Qxc4 39. Rd1 Qxc5+ 40. Ke2 Qc2+ 0-1

[Event "SUI-ch Seniors"]
[Site "Graechen"]
[Date "2013.??.??"]
[Round "7"]
[White "Bischoff, Peter"]
[Black "Bornand, Herbert"]
[Result "1-0"]
[WhiteElo "2089"]
[BlackElo "2000"]
[PlyCount "49"]
[EventDate "2013.07.11"]
[EventType "swiss"]
[EventRounds "7"]
[EventCountry "SUI"]
[SourceTitle "CBM 155 Extra"]
[Source "ChessBase"]
[SourceDate "2013.08.26"]
[SourceVersion "1"]
[SourceVersionDate "2013.08.26"]
[SourceQuality "1"]

1. e4 e6 2. d3 c5 3. Nf3 Nc6 4. g3 d6 5. Bg2 Nf6 6. 0-0 Be7 7. Nbd2 Qc7 8. a4 Bd7 9. Nc4 Nd4 10. Ne1 e5 11. c3 Ne6 12. Be3 b6 13. Rc1 h5 14. d4 Ng4 15. Nf3 h4 16. h3 Nxe3 17. Nxe3 Bg5 18. d5 Bxe3 19. fxe3 Nf8 20. Nxh4 f6 21. Nf5 Nh7 22. Nxg7+ Kf7 23. Nf5 Raf8 24. Qh5+ Kg8 25. Qg6# 1-0

[Event "SUI-ch Seniors"]
[Site "Flims"]
[Date "2012.07.??"]
[Round "5"]
[White "Huss, Benjamin"]
[Black "Bischoff, Peter"]
[Result "1/2-1/2"]
[WhiteElo "2128"]
[BlackElo "2093"]
[PlyCount "74"]
[EventDate "2012.07.??"]
[EventType "tourn"]
[EventRounds "7"]
[EventCountry "SUI"]
[SourceTitle "EXT 2013"]
[Source "ChessBase"]
[SourceDate "2012.11.22"]
[SourceVersion "1"]
[SourceVersionDate "2012.11.22"]
[SourceQuality "1"]

1. Nf3 Nf6 2. g3 g6 3. Bg2 Bg7 4. d3 0-0 5. e4 Nc6 6. 0-0 e5 7. Nc3 d6 8. h3 Nd4 9. Nxd4 exd4 10. Ne2 Ne8 11. f4 f5 12. exf5 gxf5 13. Kh2 c6 14. Ng1 Bd7 15. Bd2 Nf6 16. c3 dxc3 17. Bxc3 Be6 18. Nf3 Qd7 19. Re1 Rae8 20. Qd2 Bd5 21. a3 h6 22. Qf2 a6 23. Rxe8 Qxe8 24. Re1 Qh5 25. Nh4 Bxg2 26. Kxg2 Nd5 27. Bxg7 Kxg7 28. Re6 Rf6 29. Qd4 Kf7 30. Rxf6+ Nxf6 31. Nf3 Ke6 32. Qe3+ Kd7 33. Qb6 Kc8 34. Qd4 Nd5 35. b4 Qe8 36. Kf2 Qe6 37. Nd2 Kc7 1/2-1/2

[Event "Bern op"]
[Site "Bern"]
[Date "2004.02.15"]
[Round "7"]
[White "Bischoff, Peter"]
[Black "Suajibi, Dritan"]
[Result "1/2-1/2"]
[WhiteElo "2141"]
[BlackElo "2072"]
[PlyCount "71"]
[EventDate "2004.02.??"]
[EventType "swiss"]
[EventRounds "7"]
[EventCountry "SUI"]
[SourceTitle "EXT 2005"]
[Source "ChessBase"]
[SourceDate "2004.11.15"]
[SourceVersion "1"]
[SourceVersionDate "2004.11.15"]
[SourceQuality "1"]

1. Nc3 d5 2. e4 d4 3. Nce2 e5 4. Ng3 Bd6 5. Bc4 Nc6 6. Nf3 h6 7. 0-0 g6 8. c3 Bg4 9. h3 Bxf3 10. Qxf3 Qf6 11. Qxf6 Nxf6 12. d3 dxc3 13. bxc3 Na5 14. Bb5+ c6 15. Ba4 0-0-0 16. Bc2 c5 17. Be3 Nd7 18. d4 exd4 19. cxd4 Nc4 20. Ne2 Nxe3 21. fxe3 f6 22. Rac1 Kb8 23. Nf4 g5 24. Nd5 Rhf8 25. Rf5 cxd4 26. exd4 Ba3 27. Rb1 a6 28. Bd3 Ka7 29. Kf2 Nb8 30. Ke3 Nc6 31. g4 Rd7 32. Rf2 h5 33. Rxf6 hxg4 34. Rbf1 Rxf6 35. Nxf6 Rxd4 36. Nxg4 1/2-1/2

[Event "Bern op"]
[Site "Bern"]
[Date "2004.02.14"]
[Round "6"]
[White "Del Val, Moise"]
[Black "Bischoff, Peter"]
[Result "1/2-1/2"]
[WhiteElo "1822"]
[BlackElo "2141"]
[PlyCount "112"]
[EventDate "2004.02.??"]
[EventType "swiss"]
[EventRounds "7"]
[EventCountry "SUI"]
[SourceTitle "EXT 2005"]
[Source "ChessBase"]
[SourceDate "2004.11.15"]
[SourceVersion "1"]
[SourceVersionDate "2004.11.15"]
[SourceQuality "1"]

1. e4 Nc6 2. d4 d5 3. e5 Bf5 4. Bb5 Qd7 5. Ne2 e6 6. 0-0 Nge7 7. Ng3 a6 8. Ba4 Bg6 9. Nc3 Nf5 10. Nxf5 Bxf5 11. Ne2 b5 12. Bb3 Na5 13. c3 Nxb3 14. axb3 c5 15. Be3 c4 16. b4 Be7 17. Ng3 Bg6 18. f4 Bd3 19. Rf3 g6 20. Nh1 h5 21. Qe1 Qd8 22. Ra5 Bc2 23. Ra2 Bb3 24. Ra1 Bc2 25. Qd2 Ba4 26. Nf2 a5 27. bxa5 Rxa5 28. Nh3 Qb6 29. Rff1 0-0 30. Ng5 Rfa8 31. Rfc1 Bb3 32. Qe1 Ra4 33. Rxa4 bxa4 34. Ra1 Bc2 35. Bc1 Qb3 36. Nf3 Bd3 37. Qd2 Bf5 38. h3 Bf8 39. Kh2 Be7 40. Kh1 Rf8 41. Kh2 f6 42. exf6 Rxf6 43. Ne5 Rf8 44. Nd7 Rc8 45. Ne5 Bd6 46. Nf3 Rf8 47. Ne5 Be4 48. h4 Be7 49. g3 Kg7 50. Kg1 Rh8 51. Nd7 Rc8 52. Ne5 Bd6 53. Kh2 g5 54. hxg5 Rh8 55. g6 Bxe5 56. fxe5 Bxg6 1/2-1/2

[Event "Biel MTO op"]
[Site "Biel"]
[Date "2001.07.31"]
[Round "8"]
[White "Illijin, Neboisa"]
[Black "Bischoff, Peter"]
[Result "1/2-1/2"]
[WhiteElo "2262"]
[BlackElo "2170"]
[PlyCount "72"]
[EventDate "2001.07.23"]
[EventType "swiss"]
[EventRounds "11"]
[EventCountry "SUI"]
[SourceTitle "CBM 083 Extra"]
[Source "ChessBase"]
[SourceDate "2001.09.11"]
[SourceVersion "1"]
[SourceVersionDate "2001.09.11"]
[SourceQuality "1"]

1. e4 Nc6 2. Nf3 e6 3. d4 d5 4. e5 f6 5. a3 fxe5 6. dxe5 Bc5 7. Bd3 Qd7 8. 0-0 b6 9. b4 Be7 10. Re1 Bb7 11. Ng5 Bxg5 12. Bxg5 Nce7 13. Nc3 0-0-0 14. a4 h6 15. Bd2 Nc6 16. a5 Nxb4 17. Bf1 Ne7 18. axb6 axb6 19. Nb5 Nbc6 20. Ra4 Rdf8 21. Qa1 Kd8 22. Be3 Nf5 23. Bc1 Nfe7 24. Ba3 Rf5 25. Bd3 Rf7 26. Rb1 Rhf8 27. Nxc7 Qxc7 28. Bd6 Qd7 29. Rxb6 Nc8 30. Bc5 Nxe5 31. Rxb7 Qxb7 32. Qxe5 Qb1+ 33. Bf1 Rxf2 34. Bxf2 Rxf2 35. Kxf2 Qxc2+ 36. Be2 Qxa4 1/2-1/2

[Event "Zuerich op-A 23th"]
[Site "Zuerich"]
[Date "1999.12.28"]
[Round "4"]
[White "Bischoff, Peter"]
[Black "Knoedler, Dieter"]
[Result "0-1"]
[WhiteElo "2187"]
[BlackElo "2301"]
[PlyCount "70"]
[EventDate "1999.12.26"]
[EventType "swiss"]
[EventRounds "7"]
[EventCountry "SUI"]
[SourceTitle "CBM 073 Extra"]
[Source "ChessBase"]
[SourceDate "2000.01.11"]
[SourceVersion "1"]
[SourceVersionDate "2000.01.11"]
[SourceQuality "1"]

1. Nc3 e6 2. Nf3 d5 3. d4 Nf6 4. Bg5 Be7 5. e3 Nbd7 6. Be2 c5 7. 0-0 0-0 8. Ne5 Nxe5 9. dxe5 Nd7 10. Bxe7 Qxe7 11. f4 f6 12. exf6 Nxf6 13. Bf3 Bd7 14. Qe1 Bc6 15. Rd1 Rad8 16. e4 dxe4 17. Be2 a6 18. Qg3 Rd4 19. h4 Rfd8 20. h5 h6 21. f5 e5 22. b3 Kh8 23. a4 Rd2 24. Qe3 Rxc2 25. Rxd8+ Qxd8 26. Rd1 Qd4 27. Rxd4 exd4 28. Qf4 Rxc3 29. Bc4 e3 30. Qb8+ Be8 31. Qd6 Bxh5 32. Qxc5 e2 33. Qf8+ Kh7 34. Bxe2 Bxe2 35. Qb4 Ng4 0-1

[Event "SUI-ch"]
[Site "Graechen"]
[Date "1999.??.??"]
[Round "9"]
[White "Kaenel, Hansjuerg"]
[Black "Bischoff, Peter"]
[Result "1-0"]
[WhiteElo "2415"]
[BlackElo "2095"]
[PlyCount "79"]
[EventDate "1999.07.??"]
[EventType "swiss"]
[EventRounds "9"]
[EventCountry "SUI"]
[SourceTitle "EXT 2002"]
[Source "ChessBase"]
[SourceDate "2001.11.25"]
[SourceVersion "1"]
[SourceVersionDate "2001.11.25"]
[SourceQuality "1"]

1. Nf3 Nf6 2. e3 g6 3. b4 Bg7 4. Bb2 d6 5. d4 0-0 6. c4 e5 7. b5 exd4 8. Bxd4 c5 9. Bb2 d5 10. cxd5 Nxd5 11. Bxg7 Kxg7 12. Bc4 Be6 13. Nbd2 Nd7 14. Qc1 Qe7 15. 0-0 N7b6 16. Bb3 Rfd8 17. a4 Rac8 18. a5 Nd7 19. Rd1 Nb4 20. Qc3+ f6 21. Bxe6 Qxe6 22. Ng5 Qe7 23. Nc4 Nf8 24. h4 Rxd1+ 25. Rxd1 Rd8 26. Rxd8 Qxd8 27. Ne4 Qd1+ 28. Kh2 Nd5 29. Qa3 Qg4 30. Ncd6 Qxh4+ 31. Kg1 Nd7 32. Nxc5 Ne5 33. Ne6+ Kh6 34. Nf7+ Nxf7 35. Qf8+ Kh5 36. Qxf7 Kg4 37. Qd7 Nxe3 38. Qd4+ Kh5 39. Ng7+ Kg5 40. Qxe3+ 1-0

[Event "Lenk op"]
[Site "Lenk"]
[Date "1999.??.??"]
[Round "3"]
[White "Leutwyler, Martin"]
[Black "Bischoff, Peter"]
[Result "1/2-1/2"]
[WhiteElo "2160"]
[BlackElo "2187"]
[PlyCount "86"]
[EventDate "1999.03.31"]
[EventType "swiss"]
[EventRounds "9"]
[EventCountry "SUI"]
[SourceTitle "EXT 2000"]
[Source "ChessBase"]
[SourceDate "1999.11.16"]
[SourceVersion "1"]
[SourceVersionDate "1999.11.16"]
[SourceQuality "1"]

1. e4 Nc6 2. Nc3 Nf6 3. f4 d6 4. Nf3 Bg4 5. Bc4 e6 6. 0-0 Nd4 7. d3 Be7 8. Be3 Nxf3+ 9. gxf3 Bh3 10. Re1 0-0 11. d4 d5 12. Bf1 Bxf1 13. Rxf1 g6 14. Kh1 Qd7 15. Qe1 c6 16. Rd1 Nh5 17. Ne2 Qc7 18. e5 Ng7 19. Bf2 Qd8 20. Rg1 h5 21. Ng3 Kh7 22. Nf1 Rh8 23. Ne3 Rc8 24. c3 b6 25. b4 c5 26. c4 cxb4 27. cxd5 exd5 28. f5 Nxf5 29. Nxf5 gxf5 30. Qd2 Rc6 31. Qf4 Qc8 32. Bh4 Bxh4 33. Qxh4 Rg6 34. Qe7 Qe6 35. Qxa7 Rhg8 36. Qc7 Rxg1+ 37. Rxg1 Rxg1+ 38. Kxg1 f4 39. Kf2 Kg7 40. Qc1 Qf5 41. h4 Kf8 42. Qc6 Qe6 43. Qc1 Qf5 1/2-1/2

[Event "Bern Ambassador op"]
[Site "Bern"]
[Date "1998.12.28"]
[Round "4"]
[White "Bischoff, Peter"]
[Black "Oral, Tomas"]
[Result "0-1"]
[WhiteElo "2210"]
[BlackElo "2510"]
[PlyCount "74"]
[EventDate "1998.12.??"]
[EventType "swiss"]
[EventRounds "7"]
[EventCountry "SUI"]
[SourceTitle "EXT 2000"]
[Source "ChessBase"]
[SourceDate "1999.11.16"]
[SourceVersion "1"]
[SourceVersionDate "1999.11.16"]
[SourceQuality "1"]

1. Nc3 c5 2. f4 d5 3. e4 dxe4 4. Nxe4 e6 5. Nf3 Be7 6. Bc4 Nf6 7. Ng3 Nc6 8. 0-0 Nd4 9. c3 Nxf3+ 10. Qxf3 Rb8 11. a4 0-0 12. d3 g6 13. Ne4 b6 14. Be3 Bb7 15. Rad1 Qc7 16. Bc1 Rbd8 17. Qe2 Bd5 18. Ng5 Bxc4 19. dxc4 Rxd1 20. Rxd1 Rd8 21. Re1 Qd7 22. h3 Bf8 23. Qc2 Qd3 24. Qxd3 Rxd3 25. Kf2 Ne8 26. Nf3 Rd8 27. Ne5 Nd6 28. b3 a6 29. a5 bxa5 30. Nc6 Rd7 31. Nxa5 Nb7 32. Nc6 Rd6 33. Ne5 Rb6 34. b4 cxb4 35. Nd7 Rc6 36. cxb4 Bxb4 37. Rd1 Rxc4 0-1

[Event "Biel MTO op"]
[Site "Biel"]
[Date "1998.??.??"]
[Round "2"]
[White "Sturua, Zurab"]
[Black "Bischoff, Peter"]
[Result "1-0"]
[WhiteElo "2595"]
[BlackElo "2215"]
[PlyCount "58"]
[EventDate "1998.07.21"]
[EventType "swiss"]
[EventRounds "11"]
[EventCountry "SUI"]
[SourceTitle "EXT 1999"]
[Source "ChessBase"]
[SourceDate "1998.11.16"]
[SourceVersion "1"]
[SourceVersionDate "1998.11.16"]
[SourceQuality "1"]

1. e4 e5 2. Nf3 Nc6 3. Bb5 g6 4. c3 a6 5. Ba4 d6 6. d4 Bd7 7. 0-0 Bg7 8. dxe5 Nxe5 9. Nxe5 Bxe5 10. f4 Bg7 11. f5 Qe7 12. Bxd7+ Qxd7 13. Bg5 f6 14. Bh4 0-0-0 15. Nd2 Re8 16. Qc2 Bh6 17. Nb3 Be3+ 18. Kh1 Qg7 19. Rae1 Qh6 20. Bg3 Ne7 21. Qd3 Bb6 22. Nd4 Rhg8 23. Ne6 Nc6 24. c4 Ne5 25. Qc3 gxf5 26. exf5 Rg4 27. c5 Bxc5 28. Nxc5 Rc4 29. Qxc4 dxc5 1-0